Normal view
MARC view
Entry Personal Name
001 - CONTROL NUMBER
- control field: 18570
003 - CONTROL NUMBER IDENTIFIER
- control field: TZ-ArACH
005 - DATE AND TIME OF LATEST TRANSACTION
- control field: 20160630134646.0
008 - FIXED-LENGTH DATA ELEMENTS
- fixed length control field: 160630|||a|||||| | ||| d
040 ## - CATALOGING SOURCE
- Original cataloging agency: TZ-ArACH
- Transcribing agency: TZ-ArACH
100 ## - HEADING--PERSONAL NAME
- Personal name: Calvo-Goller, Notburga K.,
- Relator term: author.
670 ## - SOURCE DATA FOUND
- Source citation: Work cat.: (TZ-ArACH)3324: Calvo-Goller, Notburga K., author., Procédure et la jurisprudence de la Cour pénale internationale /
670 ## - SOURCE DATA FOUND
- Source citation: Work cat.: (TZ-ArACH)3324: Calvo-Goller, Notburga K., author., Procédure et la jurisprudence de la Cour pénale internationale /
